000 01790nam a2200469 a 4500
003 CHAP
005 20241018100417.0
007 cr ||||||a|c|a
008 101122s2010 mx r 00010 spa d
035 _a111562
040 _cCHAP
090 _aTesis
100 1 _aCobos Gómez, Héctor Adrían.
_924180
245 1 0 _aDeterminación de la calidad postcosecha de 93 líneas uniformes de jitomate (Solanum lycopersicum)
_c/por Héctor Adrían Cobos Gómez y Sergio Rosario Rosas Ayerde; director de tesis Ma. Teresa Martínez Damián.
264 _aChapingo, Méx. :
_bEl autor,
_c2010.
300 _a1 recurso en línea (57 páginas):
_bcuadros, figuras.
336 _2rdacontent
_atexto
_btxt
337 _2rdamedia
_acomputadora
_bc
338 _2rdacarrier
_arecursos en línea
_bcr
502 _bIA
_cAgroindustrias
_d2010.
_gLIC
590 _aALEPH
_b10
_c20130110
590 _aBATCH-UPD
_b10
_c20130110
590 _aBATCH-UPD
_b10
_c20130410
590 _aBATCH-UPD
_b10
_c20130914
590 _aBATCH-UPD
_b10
_c20140324
590 _aBATCH-UPD
_b10
_c20141002
590 _aBATCH
_b00
_c20181121
590 _aCONVERSION
_b10
_c20130109
650 0 4 _aTomate
_xCalidad.
_9113692
650 0 4 _aTomate
_xCostos de producción.
_9113701
650 0 4 _aTomate
_xPostcosecha.
_9113752
650 0 4 _aTomate
_xVariedades.
_9113777
700 1 _aRosas Ayerde, Sergio Rosario.
_999999
700 1 _aMartínez Damián, Ma. Teresa
_eDirector de tesis.
_9155185
856 _uhttp://10.13.5.2/tesis/111562.pdf
_zDESCARGAR PDF
901 _aBK
942 _cTD
_2Clasificación Universidad Autónoma Chapingo
949 _bBC
_cTES
_d33724002224248
_eTS2
_fc.2
_gDonaciØn
_i111562
_sb
949 _bBC
_cTES
_d33724002224280
_eTS1
_gDonaciØn
_i111562
_sb
999 _c99904
_d99904